[Event "Berlin Lichtenberger op 9th"]
[Site "Berlin"]
[Date "2010.08.14"]
[Round "8"]
[White "Opitz, Stefanie"]
[Black "Schmitt, Jens Ole"]
[Result "0-1"]
[WhiteElo "1156"]
[BlackElo "1339"]
[PlyCount "92"]
[EventDate "2010.08.07"]
[EventType "swiss"]
[EventRounds "9"]
[EventCountry "GER"]
[SourceTitle "CBM 137 Extra"]
[Source "ChessBase"]
[SourceDate "2010.09.01"]
[SourceVersion "1"]
[SourceVersionDate "2010.09.01"]
[SourceQuality "1"]

1. e4 c5 2. Bc4 e6 3. Nc3 a6 4. Nf3 Qc7 5. 0-0 b5 6. Be2 Bb7 7. e5 Nc6 8. d4 cxd4 9. Nxd4 Nxe5 10. Bf4 d6 11. Bxe5 dxe5 12. Nf3 Rd8 13. Qc1 e4 14. Ng5 Nf6 15. Qe3 Bc5 16. Qh3 0-0 17. Qh4 e3 18. f3 Rd2 19. Bd3 e2+ 20. Kh1 exf1Q+ 21. Rxf1 Rxd3 22. cxd3 h6 23. Nge4 Nxe4 24. Nxe4 Be7 25. Qf2 Bxe4 26. dxe4 Rc8 27. h3 Qc5 28. Qd2 Rd8 29. Qa5 Rd6 30. Qe1 Qc2 31. Rf2 Rd1 32. Rxc2 Rxe1+ 33. Kh2 Rd1 34. Rc6 Rd6 35. Rc8+ Rd8 36. Rc6 Ra8 37. Rb6 Bf6 38. b3 Bd4 39. Rd6 e5 40. a4 bxa4 41. bxa4 a5 42. Rd5 f6 43. Kg3 Ra7 44. Kg4 Bc3 45. Kf5 Kf7 46. h4 h5 0-1

[Event "Berlin Lichtenberger op 9th"]
[Site "Berlin"]
[Date "2010.08.10"]
[Round "4"]
[White "Opitz, Stefanie"]
[Black "Westphal, Julian"]
[Result "0-1"]
[WhiteElo "1156"]
[BlackElo "1698"]
[PlyCount "88"]
[EventDate "2010.08.07"]
[EventType "swiss"]
[EventRounds "9"]
[EventCountry "GER"]
[SourceTitle "CBM 137 Extra"]
[Source "ChessBase"]
[SourceDate "2010.09.01"]
[SourceVersion "1"]
[SourceVersionDate "2010.09.01"]
[SourceQuality "1"]

1. e4 e6 2. Nc3 d5 3. exd5 exd5 4. d4 Be7 5. Nf3 Bg4 6. Bd3 Nf6 7. Bg5 0-0 8. 0-0 c6 9. Re1 Re8 10. Qd2 Bxf3 11. Bxf6 Bxf6 12. Rxe8+ Qxe8 13. Re1 Be4 14. Bxe4 dxe4 15. Nxe4 Qd8 16. Nd6 Be7 17. Nxb7 Qc7 18. Nc5 Kf8 19. Qe3 Qd8 20. Nb7 Qd7 21. Nc5 Bxc5 22. dxc5 Na6 23. Qa3 Nc7 24. Qd3 Qxd3 25. cxd3 Re8 26. Rxe8+ Kxe8 27. Kf1 Ke7 28. Ke2 Ke6 29. d4 Kd5 30. Kd3 Ne6 31. b4 Nxd4 32. f3 Ne6 33. Kc3 Nxc5 34. bxc5 Kxc5 35. a4 a5 36. g4 g5 37. h3 h6 38. Kb3 Kd4 39. Kc2 Kc4 40. Kb2 Kd3 41. Kb3 c5 42. Kb2 c4 43. Kb1 c3 44. Kc1 c2 0-1

[Event "Berlin Lichtenberger op 9th"]
[Site "Berlin"]
[Date "2010.08.07"]
[Round "1"]
[White "Penner, Markus"]
[Black "Opitz, Stefanie"]
[Result "1-0"]
[WhiteElo "1921"]
[BlackElo "1156"]
[PlyCount "59"]
[EventDate "2010.08.07"]
[EventType "swiss"]
[EventRounds "9"]
[EventCountry "GER"]
[SourceTitle "CBM 137 Extra"]
[Source "ChessBase"]
[SourceDate "2010.09.01"]
[SourceVersion "1"]
[SourceVersionDate "2010.09.01"]
[SourceQuality "1"]

1. e4 e5 2. Nf3 Nc6 3. Bc4 Bc5 4. c3 d6 5. d4 Bb6 6. dxe5 Bg4 7. exd6 cxd6 8. Bf4 Bc7 9. 0-0 Nf6 10. Nbd2 0-0 11. Qc2 Re8 12. Rfe1 Nh5 13. Bg5 Qd7 14. Nd4 Nxd4 15. cxd4 Bb6 16. Qd3 Qc7 17. Rac1 h6 18. Bb5 Qb8 19. Bxe8 Qxe8 20. Be3 Qe6 21. f3 Bh3 22. gxh3 Qxh3 23. Qf1 Qe6 24. Nc4 Bc7 25. d5 Qf6 26. Qh3 Qg6+ 27. Kh1 b5 28. Rg1 Nf4 29. Bxf4 Qf6 30. Bxh6 1-0